<?xml version="1.0" encoding="UTF-8"?>
<marc:record xmlns:marc="http://www.loc.gov/MARC21/slim">
   <marc:leader>00000nam a2200000 a 4500</marc:leader>
   <marc:datafield ind1="1" ind2=" " tag="100">
      <marc:subfield code="a">Pongracz, Marion</marc:subfield>
      <marc:subfield code="4">aut</marc:subfield>
      <marc:subfield code="e">Verfasser/-in</marc:subfield>
   </marc:datafield>
   <marc:datafield ind1=" " ind2=" " tag="653">
      <marc:subfield code="a">Anthologie</marc:subfield>
   </marc:datafield>
   <marc:datafield ind1=" " ind2=" " tag="653">
      <marc:subfield code="a">Musiknoten</marc:subfield>
   </marc:datafield>
   <marc:datafield ind1=" " ind2=" " tag="653">
      <marc:subfield code="a">Weihnachten</marc:subfield>
   </marc:datafield>
   <marc:datafield ind1=" " ind2=" " tag="653">
      <marc:subfield code="a">Lyrik</marc:subfield>
   </marc:datafield>
   <marc:datafield ind1=" " ind2=" " tag="653">
      <marc:subfield code="a">Ab 6-Jahre</marc:subfield>
   </marc:datafield>
   <marc:datafield ind1="0" ind2="0" tag="245">
      <marc:subfield code="a">Das grosse Weihnachtsbuch für Kinder</marc:subfield>
   </marc:datafield>
   <marc:datafield ind1="0" ind2="0" tag="245">
      <marc:subfield code="b">Weihnachts-Geschichten ab 6 Jahren</marc:subfield>
   </marc:datafield>
   <marc:datafield ind1=" " ind2="1" tag="264">
      <marc:subfield code="b">Betz</marc:subfield>
      <marc:subfield code="c">1986</marc:subfield>
   </marc:datafield>
   <marc:datafield ind1="1" ind2=" " tag="520">
      <marc:subfield code="a">Geschichten, Gedichte, Lieder und Märchen für die Advents- und Weihnachtszeit zum Vorlesen, Selberlesen, Mitsingen und Nacherzählen.  Monika Laimgruber, in Klagenfurt geboren, erhielt ihre künstlerische Ausbildung in Hamburg. Sie arbeitet als selbständige Illustratorin. Für Annette Betz illustrierte sie zahlreiche Anthologien und Bilderbücher, von denen mehrere preisgekrönt wurden.

Advent, Advent; Am Fenster blüht der Eiskristall; Es stand ein weißer Mann im Schnee; Ein Tännlein aus dem Walde; Lieber, guter Weihnachtsmann; Christkindchen will artig sein; Christkind ist da; Die Weisen und Könige knieten hin;

Ich wünsch Euch ein glückliches Jahr</marc:subfield>
   </marc:datafield>
   <marc:datafield ind1=" " ind2=" " tag="020">
      <marc:subfield code="a">9783219103502</marc:subfield>
      <marc:subfield code="9">9783219103502</marc:subfield>
   </marc:datafield>
</marc:record>
